000 02047nam0a2200433 4500
001 RU\NLR\BIBL_A\011601452
005 20260407162111.0
010 _a9785699850242
_92000
021 _aRU
_b2017-99437
_97161
035 _a(RuMoRGB)009499982
035 _a(NLR Aleph) 011601452
090 _a10891508
_c10891508
100 _a20180124d2018 km y0rusy50 ca
101 1 _arus
_ceng
102 _aRU
105 _aa z 000zy
200 1 _aКнига тренеров NBA
_eтехники, тактики и тренерские стратегии от гениев баскетбола
_e[22 самых знаменитых мировых тренера
_e100 тактических схем
_fКарим Абдул-Джаббар, Джон Бах, Пит Кэррил и др.
_gредактор Джорджио Гандольфи
_gпер. с англ. Н.А. Андрианова, А.А. Рудницкой]
210 _aМосква
_cЭ
_d2018 [т.е. 2017]
215 _a366 с.
_cил., табл.
_d29
225 1 _aСпорт
_eлучший мировой опыт
225 1 _aBestseller amazon.com
300 _aАвт. указаны на 13-15-й с.
300 _aКн. фактически изд. в 2017 г.
320 _aАлф. указ.: с. 361-366
333 _a12+
606 1 _aБаскетбол
_xТренировка
_91099623
_3RU\NLR\AUTH\66113273
686 _aЧ515.661.1,07
_2rubbk
686 1 _aЧ515.661.5
701 1 _7ca
_8rus
_aАбдул-Джаббар
_bК.
_f1947-
_gКарим
_9184684
_3RU\NLR\AUTH\770184735
701 1 _aБах
_bД.
_gДжон
701 1 _aКэррил
_bП.
_gПит
702 1 _aГандольфи
_bД.
_gДжорджио
_4340
711 0 2 _aНациональная баскетбольная ассоциация
_cСША
_3RU\NLR\AUTH\8810100340
_9701694
942 _cBOOK
980 _aNBR